000 00491nam a2200169 i 4500
001 84325
003 ES-MaACL
005 20250915063037.0
007 t|
008 041122s1973 sp ||||1| spa d
100 1 _aXiménez de Sandoval, Felipe,
_d1903-1978
_9117510
245 1 3 _aEl sol de cuatro esquinas /
_cFelipe Ximénez de Sandoval.
260 _aMadrid :
_bSala,
_c[1973]
300 _a281 p. ;
_c20 cm.
852 _aES-MaACL
_jC-52535
_bR.85483
999 _c84325
_d84325